「わ」から始まる駅 - Statistics

General Stats
  • This quiz has been taken 39 times
  • The average score is 30 of 66
Answer Stats
Hint Answer % Correct
和歌山 和歌山
97%
和歌山 和歌山市
88%
秋田 和田
88%
和歌山 和歌山港
79%
北海道 稚内
76%
埼玉
74%
山口 和木
71%
岡山 和気
71%
兵庫 和田山
71%
埼玉 和光市
68%
埼玉 鷲宮
65%
北海道 和寒
65%
福岡 若松
62%
和歌山 和歌山大学前
62%
兵庫 和田岬
62%
石川 和倉温泉
59%
高知 若井
56%
熊本
56%
滋賀 和邇
56%
福井 若狭高浜
53%
東京 若松河田
53%
宮城 涌谷
53%
埼玉 和戸
53%
鳥取 若桜
50%
東京 早稲田
50%
大阪 若江岩田
47%
和歌山 和佐
47%
福井 若狭和田
44%
埼玉 若葉
44%
京都 和知
44%
福井 若狭本郷
41%
神奈川 若葉台
41%
神奈川 和田町
41%
石川 割出
41%
東京 若林
38%
愛知 若林
38%
静岡 鷲津
38%
千葉 和田浦
38%
宮城 亘理
38%
福井 若狭有田
35%
福島 若宮
35%
鹿児島 脇田
35%
福岡 和白
35%
鳥取 和田浜
35%
神奈川 YRP野比
35%
高知 和食
32%
北海道 鷲別
32%
福岡 渡瀬
32%
佐賀 和多田
32%
神奈川 和田塚
32%
群馬 渡瀬
32%
埼玉 和銅黒谷
32%
福井 鷲塚針原
29%
大阪 渡辺橋
29%
和歌山 和深
29%
宮城 渡波
26%
北海道 輪西
26%
長崎 若葉町
24%
奈良 掖上
24%
秋田 脇本
24%
福岡 渡辺通
24%
岩手 和賀仙人
21%
神奈川 和田河原
21%
山口 渡川
18%
富山 若栗
15%
宮城 和渕
15%
No matching quizzes found
Score Distribution
Percent of People with Each Score
Percentile by Number Answered
Your Score History
You have not taken this quiz